Some Triumphs of Modern Exploration (Record no. 187005)
[ view plain ]
| 000 -LEADER | |
|---|---|
| fixed length control field | 00652 a2200169 4500 |
| 003 - CONTROL NUMBER IDENTIFIER | |
| control field | Nust |
| 005 - DATE AND TIME OF LATEST TRANSACTION | |
| control field | 20170207153454.0 |
| 040 ## - CATALOGING SOURCE | |
| Transcribing agency | Nust |
| 082 ## - DEWEY DECIMAL CLASSIFICATION NUMBER | |
| Classification number | 910.9 |
| 100 ## - MAIN ENTRY--PERSONAL NAME | |
| Personal name | Smith,Webster |
| 245 ## - TITLE STATEMENT | |
| Title | Some Triumphs of Modern Exploration |
| Statement of responsibility, etc. | Webster Smith |
| 260 ## - PUBLICATION, DISTRIBUTION, ETC. | |
| Place of publication, distribution, etc. | India |
| Name of publisher, distributor, etc. | Blackie |
| 300 ## - PHYSICAL DESCRIPTION | |
| Extent | 223:P |
| 505 ## - FORMATTED CONTENTS NOTE | |
| Formatted contents note | In and Around Lhasa (Page-15), The Conquest of Roraima (Page-51), Sir John Murray (Page-71), Perseverance Peary (Page-104), In Indian Borderlands (Page-148), Adventures of the Duke (Page-165), The Attainment of the North Pole (Page-192), Dr. Thoroddsen (Page-215), |
| 538 ## - SYSTEM DETAILS NOTE | |
| System details note | Almirah No.53 and Shelf No.6 |
| 650 ## - SUBJECT ADDED ENTRY--TOPICAL TERM | |
| Topical term or geographic name entry element | Modern Exploration |
| 942 ## - ADDED ENTRY ELEMENTS (KOHA) | |
| Source of classification or shelving scheme | |
| Koha item type | Book |
| Withdrawn status | Lost status | Source of classification or shelving scheme | Damaged status | Not for loan | Collection code | Permanent Location | Current Location | Date acquired | Total Checkouts | Full call number | Barcode | Date last seen | Price effective from | Koha item type |
|---|---|---|---|---|---|---|---|---|---|---|---|---|---|---|
| Military College of Signals (MCS) | Military College of Signals (MCS) | 12/12/2016 | 910.9 SMI | MCS29005 | 12/08/2016 | 12/12/2016 | Book |
